Úvod do makroekonómie pre obchodné akadémie

Salvato in:
Dettagli Bibliografici
Autore principale: Lisý, Ján
Altri autori: Zámečníková, Zuzana
Natura: Libro
Lingua:slovacco
Pubblicazione: Bratislava Slovenské pedagogické nakladateľstvo 2005
Soggetti:
Tags: Aggiungi Tag
Nessun Tag, puoi essere il primo ad aggiungerne!!

MARC

LEADER 00000nam$a2200000$$$4500
001 0061242
005 20240502071702.6
020 |a 978-80-10-00483-9 
041 0 |a slo 
044 |a SK 
245 1 0 |a Úvod do makroekonómie pre obchodné akadémie  |c Ján Lisý, Zuzana Zámečníková 
264 1 |a Bratislava  |b Slovenské pedagogické nakladateľstvo  |c 2005 
300 |a 133 s. 
610 2 0 |a makroekonomika 
610 2 0 |a mikroekonomika 
610 2 0 |a dejiny myslenia ekonomického 
610 2 0 |a výkonnosť ekonomiky 
610 2 0 |a peniaze 
610 2 0 |a inflácia 
610 2 0 |a nezamestnanosť 
610 2 0 |a rast hospodársky 
610 2 0 |a politika hospodárska 
610 2 0 |a hospodárstvo svetové 
610 2 0 |a vzťahy hospodárske medzinárodné 
100 1 |a Lisý, Ján 
700 1 |a Zámečníková, Zuzana